|
|
|
|
| LEADER |
02087nam a2200289 a 4500 |
| 001 |
0017462 |
| 003 |
BD-DhAAL |
| 008 |
091019r20081980ii 000 0 eng d |
| 010 |
|
|
|a 80900605
|
| 020 |
|
|
|a 9788170121299
|
| 040 |
|
|
|a DLC
|c CarP
|d DLC
|d BD-DhAAL
|
| 082 |
0 |
0 |
|a 342
|2 22
|
| 100 |
1 |
|
|a Takwani, C. K.,
|d 1943-
|9 16745
|
| 245 |
0 |
0 |
|a Lectures on administrative law
|
| 260 |
|
|
|a Lucknow;
|b Eastern Book Co.,
|c 1980.
|
| 300 |
|
|
|a lvi, 447 p.
|b ;
|c 22 cm.
|
| 504 |
|
|
|a Includes bibliographical references and index.
|
| 526 |
|
|
|a SOL
|x Saira Rahman Khan
Assistant Professor
School of Law
BRAC University
Course Name and No. Administrative Law (Law 448)
|
| 541 |
1 |
|
|e 0017464
|a D. S. Books International
|
| 650 |
|
0 |
|a Administrative law
|
| 852 |
4 |
|
|a Ayesha Abed Library
|c General Stacks
|
| 942 |
|
|
|2 ddc
|c BK
|
| 999 |
|
|
|c 5049
|d 5049
|
| 952 |
|
|
|0 0
|1 0
|2 ddc
|4 0
|6 342_TAK_200800000000000
|7 0
|9 4884
|a BRACUL
|b BRACUL
|c GEN
|d 2009-11-03
|e D. S. Books International
|l 4
|m 58
|o 342 TAK
|p 3010017464
|r 2024-07-15
|s 2024-05-30
|t 3
|w 2009-11-03
|y BK
|x Requisitioned by Saira Rahman Khan (Assistant Professor) for the course named - "Administrative Law (Law 448)" ; USD 5.27
|
| 952 |
|
|
|0 0
|1 0
|2 ddc
|4 0
|6 342_TAK_200800000000000
|7 0
|9 4902
|a BRACUL
|b BRACUL
|c GEN
|d 2009-11-03
|e D. S. Books International
|l 2
|m 28
|o 342 TAK
|p 3010017462
|r 2022-09-08
|s 2022-06-06
|t 1
|w 2009-11-03
|y BK
|x Requisitioned by Saira Rahman Khan (Assistant Professor) for the course named - "Administrative Law (Law 448)" ; USD 5.27
|
| 952 |
|
|
|0 0
|1 0
|2 ddc
|4 0
|6 342_TAK_200800000000000
|7 0
|9 8908
|a BRACUL
|b BRACUL
|c GEN
|d 2010-03-31
|e D. S. Books International
|l 5
|m 50
|o 342 TAK
|p 3010017463
|r 2022-09-28
|s 2022-06-07
|t 2
|w 2010-03-31
|y BK
|x Requisitioned by Saira Rahman Khan (Assistant Professor) for the course named - "Administrative Law (Law 448)" ; USD 5.27
|
| 952 |
|
|
|0 0
|1 0
|2 ddc
|4 0
|6 342_TAK_200800000000000
|7 0
|9 8909
|a BRACUL
|b BRACUL
|c GEN
|d 2010-03-31
|e D. S. Books International
|l 4
|m 15
|o 342 TAK
|p 3010017465
|r 2022-07-06
|s 2022-07-03
|t 4
|w 2010-03-31
|y BK
|x Requisitioned by Saira Rahman Khan (Assistant Professor) for the course named - "Administrative Law (Law 448)" ; USD 5.27
|